La condition des biens / (Record no. 151732)

MARC details
000 -LEADER
campo de control de longitud fija 00916nam a22002415i 4500
001 - NÚMERO DE CONTROL
campo de control 151732
003 - IDENTIFICADOR DE NÚMERO DE CONTROL
campo de control ES-MaACL
005 - FECHA Y HORA DE LA ÚLTIMA TRANSACCIÓN
campo de control 20230906204346.0
008 - DATOS DE LONGITUD FIJA--INFORMACIÓN GENERAL
campo de control de longitud fija 051004s1886 fr | |||||||| ||fre d
040 ## - FUENTE DE CATALOGACIÓN
Centro catalogador/agencia de origen CAM
Lengua de catalogación spa
Centro/agencia transcriptor CAM
100 1# - ENTRADA PRINCIPAL--NOMBRE DE PERSONA
Nombre de persona Beaune, Henri.
9 (RLIN) 125878
245 13 - MENCIÓN DEL TÍTULO
Título La condition des biens /
Mención de responsabilidad, etc. par Henri Beaune.
250 ## - MENCION DE EDICION
Mención de edición [Nouvelle éd., rev. et corr.].
260 ## - PUBLICACIÓN, DISTRIBUCIÓN, ETC.
Lugar de publicación, distribución, etc. Paris :
Nombre del editor, distribuidor, etc. Delhomme & Briguet :
-- Larose & Forcel ;
Lugar de publicación, distribución, etc. Lyon :
Nombre del editor, distribuidor, etc. Delhomme & Briguet,
Fecha de publicación, distribución, etc. 1886 (
Lugar de fabricación/manufactura Bar-le-Duc :
Fabricante Imprimerie et lithographie Comte-Jacquet)
300 ## - DESCRIPCIÓN FÍSICA
Extensión II, 616 p. ;
Dimensiones 22 cm.
490 1# - MENCIÓN DE SERIE
Mención de serie Droit coutumier français
595 ## -
-- La mención de ed. tomada de la cub. original.
650 #4 - PUNTO DE ACCESO ADICIONAL DE MATERIA--TÉRMINO DE MATERIA
Término de materia o nombre geográfico como elemento de entrada Derecho consuetudinario-
Subdivisión geográfica Francia.
9 (RLIN) 135878
752 ## - ENTRADA AGREGADA--NOMBRE JERÁRQUICO DEL LUGAR
País o entidad superior Francia -
Ciudad París
830 0# - PUNTO DE ACCESO ADICIONAL DE SERIE-TÍTULO UNIFORME
Título uniforme Droit coutumier français
9 (RLIN) 221262
852 ## - LOCALIZACIÓN
Ubicación ES-MaACL
Número de control de estantería B-363
Nota libre -- Enc. hol. conservando la cub. original
Holdings
Estatus retirado Estado de pérdida Estado de daño No para préstamo Colección Biblioteca de origen Biblioteca actual Ubicación en estantería Fecha de adquisición Fuente de adquisición Total de préstamos Signatura topográfica completa Código de barras Visto por última vez Precio de reemplazo Tipo de ítem Koha
        Libros del s. XIX Biblioteca del Ateneo de Madrid Biblioteca del Ateneo de Madrid Sala Pardo Bazán 17/01/2008     B-363 1158358 23/02/2023 23/02/2023 Libro impreso antiguo